Лексико-семантичний аналіз особливостей Інтернет-сайтів готелів США (Запис № 284928)

МАРК-запис
000 -LEADER
fixed length control field 01987nam a22001577a 4500
041 ## - LANGUAGE CODE
Language code of text/sound track or separate title ukr
080 ## - UNIVERSAL DECIMAL CLASSIFICATION NUMBER
Universal Decimal Classification number 09
090 ## - LOCALLY ASSIGNED LC-TYPE CALL NUMBER (OCLC); LOCAL CALL NUMBER (OCLC)
Local cutter number (OCLC) ; Book number/undivided call number, CALL (RLIN) ЯКУ
100 ## - MAIN ENTRY--PERSONAL NAME
Personal name Якубовська Л.З.
245 ## - TITLE STATEMENT
Title Лексико-семантичний аналіз особливостей Інтернет-сайтів готелів США
260 ## - PUBLICATION, DISTRIBUTION, ETC. (IMPRINT)
Place of publication, distribution, etc Острог
Name of publisher, distributor, etc КАФ
Date of publication, distribution, etc 2012
300 ## - PHYSICAL DESCRIPTION
Extent 76
520 ## - SUMMARY, ETC.
Summary, etc Вступ.<br/>Розділ 1. Лексико-семантичні особливості інтернет-сайтів готелів.<br/>1.1. Підходи до тлумачення поняття "готель та готельна послуга".<br/>1.2. Поняття "Інтернет-сайт" готелю та його застосування.<br/>1.3. Лексико-семантичні особливості Інтернет-сайтів готелів США.<br/>1.4. Функціональна спрямованість онімів.<br/>Розділ 2. Лексико-семантичний та структурний аналіз доменних назв готелів США.<br/>2.1. Лексико-семантичний аналіз доменних назв готелів США.<br/>2.2. Структурний аналіз ергонімів доменних назв готелів Сполучених Штатів Америки.<br/>Розділ 3. Лексико-семантичний аналіз домашніх сторінок Інтернет-сайтів готелів США.<br/>3.1. Аналіз рубрик і підрубрик Інтернет-сайтів готелів США.<br/>3.2. Лексико-семантичний та структурний аналіз тексту, представленого на початковій сторінці Інтернет-сайту готелю США.<br/>Висновки.<br/>Список використаної літератури.<br/>Додатки.
-- Інтернет, США, готель
650 ## - SUBJECT ADDED ENTRY--TOPICAL TERM
Topical term or geographic name as entry element Research Papers
942 ## - ADDED ENTRY ELEMENTS (KOHA)
Koha item type Книги
Фонди
Withdrawn status Lost status Source of classification or shelving scheme Damaged status Not for loan Home library Current library Date acquired Source of acquisition Cost, normal purchase price Total Checkouts Full call number Barcode Date last seen Price effective from Koha item type
    Universal Decimal Classification     ВІЛ - Відділ іноземн. літератури НБ ВІЛ - Відділ іноземн. літератури НБ 18/09/2012 Акт №5 1.00   09 215053 09/11/2021 18/09/2012 Книги